000 01199nam a22002537a 4500
999 _c63087
_d63087
005 20240530110623.0
008 161226s2014 ua abh g 000 0 ara d
017 _a2013/21379 ( ج 1 )
_bمصر. دار الكتب
017 _a2013/21380 ( ج 2 )
_bمصر. دار الكتب
020 _a9789774114992 ( ج 1 )
020 _a9789774115004 ( ج 2 )
040 _aEG-CaGPL
_cEG-CaGPL
082 0 4 _221
_a910.133\
_bم م
100 0 _aمحمد ابراهيم حسن
245 1 2 _aالمقومات الجغرافية للدول النامية و مظاهرها :
_bدراسة اقليمية مقارنة لامثلة متباينة فى افريقيا و الشرق الاوسط /
_cمحمد ابراهيم حسن ؛ اشرف على اعداده و قدم له السيد على شتا
250 _aط. 1
260 _aالقاهرة :
_bالمكتبة المصرية للنشر و التوزيع ،
_c2014.
300 _a2 جزء :
_bايض ؛
_c24 سم.
650 0 7 _2qrmak
_aالدول النامية
_xالاحوال الاقتصادية
651 _2qrmak
700 0 _aالسيد على شتا
_eمعد و مقدم
942 _2ddc
_cBK